[Event "Ruhrgebiet Regionalliga 1819"]
[Site "Nordrheinwestfalen"]
[Date "2019.05.19"]
[Round "10.8"]
[White "Olf, Hans Helmut"]
[Black "Gehrmann, Ulrich"]
[Result "1/2-1/2"]
[WhiteElo "1998"]
[BlackElo "1966"]
[PlyCount "71"]
[EventDate "2018.09.02"]
[EventType "team-tourn"]
[EventRounds "11"]
[EventCountry "GER"]
[SourceTitle "EXT 2022"]
[Source "ChessBase"]
[SourceDate "2021.10.06"]
[SourceVersion "1"]
[SourceVersionDate "2021.10.06"]
[SourceQuality "1"]
[WhiteTeam "Welper SV"]
[BlackTeam "Essen Katernberg II"]
[WhiteTeamCountry "GER"]
[BlackTeamCountry "GER"]

1. Nf3 d5 2. g3 Nc6 3. d4 Bg4 4. Bg2 e6 5. 0-0 Nf6 6. c3 Bd6 7. Nbd2 0-0 8. Re1 e5 9. dxe5 Nxe5 10. Nxe5 Bxe5 11. Nf3 Bd6 12. Bg5 Be6 13. Nd4 h6 14. Bxf6 Qxf6 15. Qb3 c5 16. Nxe6 fxe6 17. f4 c4 18. Qd1 Bc5+ 19. e3 b5 20. a3 a5 21. Kh1 Rad8 22. Qc2 Rf7 23. Rad1 Rc7 24. Re2 b4 25. axb4 axb4 26. cxb4 Bxb4 27. f5 Qxf5 28. Qxf5 exf5 29. Rxd5 Rcd7 30. Rxf5 Rd1+ 31. Rf1 Rxf1+ 32. Bxf1 c3 33. bxc3 Bxc3 34. Kg2 Kf7 35. Rc2 Rd2+ 36. Rxd2 1/2-1/2

[Event "Ruhrgebiet Verbandsliga Gruppe 2 1819"]
[Site "Nordrheinwestfalen"]
[Date "2019.05.05"]
[Round "9.5"]
[White "Canzler, Harald"]
[Black "Gehrmann, Ulrich"]
[Result "1-0"]
[WhiteElo "1967"]
[BlackElo "1966"]
[PlyCount "63"]
[EventDate "2018.09.23"]
[EventType "team-tourn"]
[EventRounds "9"]
[EventCountry "GER"]
[SourceTitle "EXT 2022"]
[Source "ChessBase"]
[SourceDate "2021.10.06"]
[SourceVersion "1"]
[SourceVersionDate "2021.10.06"]
[SourceQuality "1"]
[WhiteTeam "Dortmund SV"]
[BlackTeam "Essen Katernberg III"]
[WhiteTeamCountry "GER"]
[BlackTeamCountry "GER"]

1. Nf3 d5 2. g3 Nc6 3. Bg2 e5 4. d3 Nf6 5. 0-0 Be7 6. c3 a5 7. Qc2 0-0 8. e4 dxe4 9. dxe4 Bc5 10. Nbd2 Be6 11. h3 h6 12. Nh4 Nh5 13. Kh2 Qf6 14. Nf5 Ne7 15. Nxe7+ Qxe7 16. Nf3 Bc4 17. Re1 Rfd8 18. Bf1 Bxf1 19. Rxf1 Qe6 20. b3 Rd7 21. Bb2 Rad8 22. Kg2 Nf6 23. Rfe1 Nh7 24. Rad1 Ng5 25. Nxg5 hxg5 26. Qe2 Qb6 27. Rxd7 Rxd7 28. Rd1 Rxd1 29. Qxd1 Bxf2 30. Qd8+ Kh7 31. Qxg5 Qe3 32. Qf5+ 1-0

[Event "Regionalliga SO 1617"]
[Site "Bayern"]
[Date "2017.03.19"]
[Round "7.8"]
[White "Lochte, Szilvia"]
[Black "Gehrmann, Ulrich"]
[Result "0-1"]
[WhiteElo "1819"]
[BlackElo "1947"]
[PlyCount "44"]
[EventDate "2016.10.16"]
[EventType "team-tourn"]
[EventRounds "9"]
[EventCountry "GER"]
[SourceTitle "EXT 2019"]
[Source "ChessBase"]
[SourceDate "2018.10.10"]
[SourceVersion "1"]
[SourceVersionDate "2018.10.10"]
[SourceQuality "1"]
[WhiteTeam "Starnberger See"]
[BlackTeam "Germering"]
[WhiteTeamCountry "GER"]
[BlackTeamCountry "GER"]

1. d4 Nf6 2. Bf4 d5 3. e3 c5 4. c3 Nc6 5. Nd2 Qb6 6. Qb3 Bf5 7. dxc5 Qxb3 8. Nxb3 e5 9. Bg3 Nd7 10. Nf3 f6 11. Rd1 Be6 12. Bb5 Rc8 13. 0-0 Kf7 14. Nfd2 Nxc5 15. Nxc5 Bxc5 16. Nb3 Bb6 17. Rd2 h5 18. h4 Ne7 19. Nc1 Nf5 20. Ne2 Nxe3 21. Re1 a6 22. Ba4 Nc4 0-1

[Event "Bad Woerishofen op 33rd"]
[Site "Bad Woerishofen"]
[Date "2017.03.10"]
[Round "1"]
[White "Naumkin, Igor"]
[Black "Gehrmann, Ulrich"]
[Result "1-0"]
[WhiteElo "2416"]
[BlackElo "2042"]
[PlyCount "41"]
[EventDate "2017.03.10"]
[EventType "swiss"]
[EventRounds "9"]
[EventCountry "GER"]
[SourceTitle "EXT 2018"]
[Source "ChessBase"]
[SourceDate "2017.10.13"]
[SourceVersion "1"]
[SourceVersionDate "2017.10.13"]
[SourceQuality "1"]

1. d4 Nf6 2. c4 e6 3. Nf3 Nc6 4. Nc3 Bb4 5. Qc2 d6 6. g3 0-0 7. a3 Bxc3+ 8. Qxc3 a5 9. b3 Qe7 10. Bg2 e5 11. d5 Nb8 12. 0-0 Ne4 13. Qc2 f5 14. Nh4 Ng5 15. f4 exf4 16. Rxf4 g6 17. e4 Nxe4 18. Bxe4 fxe4 19. Rxe4 Bh3 20. Bb2 Qg5 21. Qc3 1-0

[Event "Dresden ZMD op 23rd"]
[Site "Dresden"]
[Date "2014.08.21"]
[Round "7"]
[White "Jacob, Tobias"]
[Black "Gehrmann, Ulrich"]
[Result "1/2-1/2"]
[WhiteElo "1952"]
[BlackElo "2052"]
[PlyCount "38"]
[EventDate "2014.08.15"]
[EventType "swiss"]
[EventRounds "9"]
[EventCountry "GER"]
[SourceTitle "CBM 161 Extra"]
[Source "ChessBase"]
[SourceDate "2014.08.29"]
[SourceVersion "1"]
[SourceVersionDate "2014.08.29"]
[SourceQuality "1"]

1. e4 c5 2. Nf3 e6 3. d4 cxd4 4. Nxd4 Nc6 5. Be3 Nf6 6. Nd2 d5 7. Nxc6 bxc6 8. e5 Nd7 9. Bf4 Qb6 10. Rb1 Bc5 11. Qf3 Ba6 12. Be2 Bd4 13. Bxa6 Qxa6 14. Qg3 h6 15. c3 Bb6 16. Qxg7 0-0-0 17. Qg4 Rdg8 18. Qf3 Bc7 19. c4 Bxe5 1/2-1/2

[Event "Dresden ZMD op 23rd"]
[Site "Dresden"]
[Date "2014.08.19"]
[Round "5"]
[White "Gehrmann, Ulrich"]
[Black "Humburg, Philipp"]
[Result "0-1"]
[WhiteElo "2052"]
[BlackElo "2087"]
[PlyCount "68"]
[EventDate "2014.08.15"]
[EventType "swiss"]
[EventRounds "9"]
[EventCountry "GER"]
[SourceTitle "CBM 161 Extra"]
[Source "ChessBase"]
[SourceDate "2014.08.29"]
[SourceVersion "1"]
[SourceVersionDate "2014.08.29"]
[SourceQuality "1"]

1. d4 Nf6 2. c4 g6 3. Nc3 Bg7 4. e4 d6 5. h3 0-0 6. Be3 c5 7. d5 e6 8. Bd3 Re8 9. Nf3 exd5 10. exd5 a6 11. 0-0 b5 12. cxb5 Nbd7 13. bxa6 Bxa6 14. Bxa6 Rxa6 15. Qd3 Qa8 16. Bf4 Nb6 17. Bxd6 c4 18. Qc2 Nbxd5 19. Nxd5 Nxd5 20. Bc5 Nf4 21. Rfe1 Rc8 22. Re4 Nd3 23. Rxc4 Nxb2 24. Re1 Nxc4 25. Qxc4 Rac6 26. Re7 Rf8 27. Ng5 Qa6 28. Qd5 Rf6 29. Ra7 Qe2 30. Ra8 Rf5 31. Rxf8+ Bxf8 32. Qd7 Qe1+ 33. Kh2 Qe5+ 34. Kg1 Qxc5 0-1

[Event "Dresden ZMD op 23rd"]
[Site "Dresden"]
[Date "2014.08.18"]
[Round "4"]
[White "Hamm, Georg"]
[Black "Gehrmann, Ulrich"]
[Result "1/2-1/2"]
[WhiteElo "2139"]
[BlackElo "2052"]
[PlyCount "92"]
[EventDate "2014.08.15"]
[EventType "swiss"]
[EventRounds "9"]
[EventCountry "GER"]
[SourceTitle "CBM 161 Extra"]
[Source "ChessBase"]
[SourceDate "2014.08.29"]
[SourceVersion "1"]
[SourceVersionDate "2014.08.29"]
[SourceQuality "1"]

1. d4 d5 2. Nf3 Nf6 3. e3 c5 4. b3 Bg4 5. h3 Bh5 6. Be2 e6 7. 0-0 Nc6 8. Bb2 cxd4 9. exd4 Be7 10. Nbd2 0-0 11. a3 Rc8 12. Rc1 Bd6 13. Ne5 Bxe2 14. Qxe2 Qe7 15. Ra1 Bxe5 16. dxe5 Nd7 17. Nf3 Rc7 18. Rfc1 Rfc8 19. a4 Re8 20. Ba3 Qd8 21. Bd6 Rc8 22. c4 dxc4 23. Rxc4 Nb6 24. Rg4 Nd5 25. Ba3 Nce7 26. Nd4 Nf5 27. Nb5 Nc3 28. Qf1 Nxb5 29. Qxb5 Qb6 30. Rc4 Qxb5 31. axb5 Rxc4 32. bxc4 Nd4 33. Bd6 Ra8 34. Bc5 Nb3 35. Rxa7 Rxa7 36. Bxa7 Kf8 37. c5 Ke8 38. Kf1 Kd7 39. Ke1 Kc8 40. f4 Nd4 41. c6 Nxb5 42. cxb7+ Kxb7 43. Bc5 Kc6 44. Bf8 g6 45. Kf2 Kd5 46. Ke3 h5 1/2-1/2

[Event "GER theme 18-E12-S email"]
[Site "GER email"]
[Date "2008.08.05"]
[Round "?"]
[White "Gehrmann, Ulrich"]
[Black "Diele, Ralf"]
[Result "1-0"]
[WhiteElo "2000"]
[BlackElo "2295"]
[PlyCount "149"]
[EventDate "2008.??.??"]
[EventType "tourn (corr)"]
[EventRounds "8"]
[EventCountry "GER"]
[SourceTitle "Corr 2011"]
[Source "ChessBase"]
[SourceDate "2010.08.31"]
[SourceVersion "1"]
[SourceVersionDate "2010.08.31"]
[SourceQuality "1"]

1. d4 Nf6 2. c4 e6 3. Nf3 b6 4. a3 Ba6 5. Qc2 c5 6. d5 exd5 7. cxd5 g6 8. e4 Bxf1 9. Kxf1 d6 10. Nc3 Bg7 11. Qa4+ Qd7 12. Qxd7+ Nbxd7 13. Bf4 Ke7 14. h3 a6 15. g4 b5 16. Kg2 Nb6 17. Rhe1 Rhe8 18. Rac1 Nfd7 19. b3 c4 20. b4 Rac8 21. g5 Bxc3 22. Rxc3 Na4 23. Rc2 c3 24. Nd4 Ndb6 25. Nc6+ Kd7 26. Ree2 Nc4 27. Bc1 Rc7 28. f3 Rf8 29. Kg3 Rcc8 30. Kg4 f6 31. gxf6 Rxf6 32. f4 Rf7 33. Nd4 Kc7 34. Kg5 Rd7 35. h4 Kb6 36. Rg2 a5 37. Rg3 axb4 38. axb4 Ka6 39. Re2 Ncb6 40. h5 Rdd8 41. Nc6 Re8 42. Rgg2 Nc4 43. Kh6 Rf8 44. e5 dxe5 45. fxe5 Kb7 46. Ne7 Rcd8 47. d6 Rf1 48. Bg5 Rd7 49. hxg6 hxg6 50. Nd5 Nxd6 51. exd6 Rxd6 52. Re5 Rd1 53. Re7+ Kc6 54. Ne3 R1d2 55. Rg1 Rd7 56. Re8 Kb7 57. Re5 Ka6 58. Kxg6 R2d6+ 59. Bf6 Rc6 60. Kf5 Rd2 61. Re6 Rf2+ 62. Ke5 Rxe6+ 63. Kxe6 Rf4 64. Nc2 Rf2 65. Nd4 Rb2 66. Be7 Rh2 67. Kd6 Rh7 68. Bf8 Rh4 69. Bg7 Kb7 70. Rg5 Rh7 71. Rxb5+ Nb6 72. Ne6 c2 73. Rc5 Nc8+ 74. Kd7 Nb6+ 75. Ke8 1-0

[Event "GER theme 18-E12-S email"]
[Site "GER email"]
[Date "2008.08.05"]
[Round "?"]
[White "Schubert, Volker"]
[Black "Gehrmann, Ulrich"]
[Result "1/2-1/2"]
[WhiteElo "2106"]
[BlackElo "2000"]
[PlyCount "29"]
[EventDate "2008.??.??"]
[EventType "tourn (corr)"]
[EventRounds "8"]
[EventCountry "GER"]
[SourceTitle "Corr 2011"]
[Source "ChessBase"]
[SourceDate "2010.08.31"]
[SourceVersion "1"]
[SourceVersionDate "2010.08.31"]
[SourceQuality "1"]

1. d4 Nf6 2. c4 e6 3. Nf3 b6 4. a3 Bb7 5. Nc3 d5 6. Qc2 dxc4 7. e4 c5 8. d5 exd5 9. exd5 Bd6 10. Bxc4 0-0 11. 0-0 Nbd7 12. Bg5 a6 13. a4 Qc7 14. Rfe1 Rae8 15. Bh4 1/2-1/2